000 00677nam a2200217Ia 4500
003 GCL
008 140319s9999 xx 000 0 ara d
040 _aGCL /
_cGCL
082 0 4 _a272
_bف ع
100 1 _aجوزيف صابر
245 1 0 _aالعهد الجديد: الى افسس /
_cجوزيف صابر
700 1 _aانسى عبدالملك
700 1 _aفولكسى، فرنسيس
260 _a[S.N] :
_bدار الثقافة العربية ،
_c1991
300 _a179 ص
490 _aالتفسير الحديث للكتاب المقدس
_v0
650 0 4 _aالعهد الجديد
650 0 4 _aالانجيل
650 0 4 _aالرسائل
942 _2ddc
_cBK
999 _c55420
_d55420